Statistics for Geography Word Search

Click here to take the quiz!

General Stats

  • This quiz has been taken 174 times
  • The average score is 10 of 13

Answers on the Map

Answers color-coded by a green-red scale on the quiz's map according to % correct below.
 

Answer Stats

Answer% Correct
Luxembourg
95%
Philippines
95%
Somalia
93%
Ireland
89%
Sri Lanka
89%
Chad
88%
Madrid
81%
Continent
76%
St. Kitts and Nevis
74%
Ocean
70%
Niger
69%
India
65%
Asia
16%

Score Distribution

Percentile by Number Answered

Percent of People with Each Score

Your Score History

You have not taken this quiz